The 25 Strongest European Countries - Statistics

General Stats
  • This quiz has been taken 86 times
    57 since last reset
  • The average score is 23 of 26
Answer Stats
Answer % Correct
Germany
100%
United Kingdom
100%
Finland
97%
Italy
97%
Portugal
97%
Russia
97%
Spain
97%
Croatia
95%
France
95%
Norway
95%
Sweden
95%
Ukraine
95%
Hungary
92%
Poland
92%
Greece
90%
Austria
87%
Denmark
87%
Serbia
87%
Netherlands
85%
Switzerland
85%
Bulgaria
82%
Czechia
82%
Belarus
79%
Belgium
79%
Romania
77%
Slovakia
77%
No matching quizzes found
Score Distribution
Percent of People with Each Score
Percentile by Number Answered
Your Score History
You have not taken this quiz since the last reset